00648nam a2200169 i 4500001000700000003000900007005001700016008004100033040002000074100002000094245009600114260008600210300003600296610002300332650004200355852008100397151981ES-MaACL20230906204457.0051006s1879 fr a |||| | fre d aCAM bspa cCAM1 aBernard, Louis.10aChefs-d'oeuvre de peinture au Musée du Louvre b: École italienne /cpar Louis Bernard. aParis : bLibrairie Renouard, c1879 (eCorbeil : fTyp. et stér. de Crété) aXXIV, 230 p. : bil. ; c27 cm.24aMusée du Louvre. 4aPintura italiana-zMusée du Louvre. aES-MaACLjF-10159 z- Enc. tela estampada en negro y oro, con cortes dorados